Statistics for Boston Celtics 2017-2018

Click here to take the quiz!

General Stats

  • This quiz has been taken 53 times
  • The average score is 11 of 16

Answer Stats

# Answer % Correct
11Kyrie Irving
100%
20Gordon Hayward
100%
7Jaylen Brown
100%
42Al Horford
98%
0Jayson Tatum
96%
36Marcus Smart
91%
46Aron Baynes
80%
13Marcus Morris
78%
12Terry Rozier III
78%
27Daniel Theis
60%
37Semi Ojeleye
56%
30Guerschon Yabusele
42%
8Shane Larkin
36%
28Abdel Nader
31%
26Jabari Bird
31%
45Kadeem Allen
20%

Score Distribution

Percentile by Number Answered

Percent of People with Each Score

Your Score History

You have not taken this quiz